Responses for Show #7101 - Monday, June 29, 2015

Contestants

[<< previous game]

Amanda Mough, a sales associate from McKeesport, Pennsylvania

Brandon Powell, a contracting officer from Huntsville, Alabama

Ankoor Bagchi, an attorney from Chicago, Illinois (whose 1-day cash winnings total $16,401)

[next game >>]

Jeopardy! Round responses

PENGUIN CLASSICS COVERS
THAT WAS ON TV
GET PICKLED
STAMPS
X2: NOT UNITED
(Alex: Each correct response will contain two "X"s.)
LET'S VISIT SAO TOME & PRINCIPE
    $200 6
The Red Badge of Courage

Brandon
    $200 11
The Jetsons

Brandon
    $200 21
vinegar

Brandon
    $200 16
forever

Amanda
    $200 1
Tex-Mex

Brandon
    $200 26
(Ankoor: What is South America?)

Africa

AnkoorBrandon
    $400 7
Common Sense

Amanda
    $400 12
60 Minutes

Ankoor
    $400 22
a peck

Brandon
    $400 17
breast cancer

Ankoor
    $400 2
tax-exempt

Ankoor
    $400 27
Portuguese

Brandon
    $600 8
A Tale of Two Cities

Brandon
    $600 13
Hogan

Brandon
    $600 23
(Ankor: Who is Vlasic?)

(Henry) Heinz

AnkoorAmanda
    $600 18
a poinsettia

Ankoor
    $600 3
Ex-Lax

Brandon
    $600 28
(Brandon: What is sugar?)
[ERRATUM: Cocoa is bitter, not sweet.]

cocoa

Brandon
Triple Stumper
    $800 9
Of Mice and Men

Amanda
    $800 14
The Fresh Prince of Bel-Air

Ankoor
    $800 24
the Rugrats

Amanda
    $800 19
the Hudson River

Triple Stumper
    $800 4
Xerxes

Brandon
    $1,400 29
(Brandon: What is a duck?)

a turtle

Brandon
    $1000 10
La dame aux camlias (The Lady of the Camellias)

Triple Stumper
    $1000 15
thirtysomething

Brandon
    $1000 25
capers

Triple Stumper
    $1000 20
"The Greatest Show on Earth"

Brandon
    $1000 5
an executrix

Ankoor
    $1000 30
foreign aid

Ankoor

Scores at the first commercial break (after clue 15):

Ankoor Brandon Amanda
$2,600 $4,200 $1,200

Scores at the end of the Jeopardy! Round:

Ankoor Brandon Amanda
$3,800 $4,400 $2,800

Double Jeopardy! Round responses

THE WAR OF 1912
DESERT PLANTS
THE APOLLO MISSIONS
THE KIDS ARE SINGING IT
"STA" WITH ME
YOU'RE ALL I NEED
    $400 7
the Balkan

Brandon
    $400 26
a tumbleweed

Brandon
    $400 8
geology

Brandon
    $400 1
"Shake It Off"

Brandon
    $400 2
a staring contest

Ankoor
    $400 13
vodka

Brandon
    $800 15
Constantine

Brandon
    $800 27
a pine

Amanda
    $800 9
Saturn

Brandon
    $800 17
"Uptown Funk"

Ankoor
    $800 3
stabilization

Brandon
    $800 14
doubles

Ankoor
    $1,800 16
(Brandon: [Shakes head])
(Alex: Nothing?)
(Brandon: No.)
(Alex: It's a term that has come down through the years. [*].)

the Young Turks

Brandon
    $1200 28
[The end-of-round signal sounds.]

mesquite

Amanda
    $1200 10
the Sea of Tranquility

Brandon
    $1200 21
"Sir Duke" (Duke Ellington)

Triple Stumper
    $1200 4
to stave

Brandon
    $1200 20
the eggs

Amanda
    $1600 18
(Ankoor: What is Greece?)

Albania

Ankoor
Triple Stumper
    $1600 11
Alan Shepard

Brandon
    $1600 22
a map

Amanda
    $1,200 5
(Brandon: Who's a... stationarist?)

a stationer

Brandon
    $1600 24
opportunity

Brandon
    $2000 19
Macedonia

Triple Stumper
    $2000 12
Surveyor

Triple Stumper
    $2000 23
(Alex: Less than a minute now.)

"Take Me To Church"

Brandon
    $2000 6
a statesman

Ankoor
    $2000 25
(Ankoor: What is majority?)

218

AnkoorBrandon

Scores at the end of the Double Jeopardy! Round:

Ankoor Brandon Amanda
$4,200 $15,400 $7,600
(lock game)

[wagering suggestions for these scores]

Final Jeopardy! Round responses

POETIC INSPIRATIONS
(Alex: [To Ankoor] "In Xanadu did Kubla Khan a stately pleasure-dome decree.")
AnkoorWho is Coleridge
$0
AmandaWho is Milton?
$7,501
BrandonWho was Lord Byron?
$12
Samuel Taylor Coleridge

Final scores:

Ankoor Brandon Amanda
$4,200 $15,388 $99
2nd place: $2,000 New champion: $15,388 3rd place: $1,000

Game dynamics:

Coryat scores:

Ankoor Brandon Amanda
$4,200 $19,800 $7,600
11 R,
4 W
27 R,
4 W
(including 3 DDs)
9 R,
0 W

Combined Coryat: $31,600

[game clues] [game scores] [suggest correction]

Game tape date: Unknown
The J! Archive is created by fans, for fans. Scraping, republication, monetization, and malicious use prohibited; this site may use cookies and collect identifying information. See terms. The Jeopardy! game show and all elements thereof, including but not limited to copyright and trademark thereto, are the property of Jeopardy Productions, Inc. and are protected under law. This website is not affiliated with, sponsored by, or operated by Jeopardy Productions, Inc. Join the discussion at JBoard.tv.